000
00313nam a2200145Ia 4500
100
_a
Tawade.P.P/ Borole P.B.
490
_v
I
942
_c
BK
654
_a
microprocessors
245
_a
Microporocessors
260
_b
Tech. Publications
_a
Pune
_c
1995
082
_a
4.16
_b
PAN
546
_a
ENGLISH
999
_c
20830
_d
20830